| 000 | 00526cam a2200205ua 4500 | ||
|---|---|---|---|
| 001 | 1133 | ||
| 005 | 20260515113301.0 | ||
| 008 | 110428n ii |||gr||||Z||||||eng | ||
| 020 | _a9971-51-338-2 | ||
| 040 | _cMAIN | ||
| 082 | _a337 | ||
| 245 | 1 |
_aInternational economics. _cBy Dominick Salvatore. |
|
| 250 | _a17th. | ||
| 260 |
_aToronto.: _bJohn Wiley & sons., _c2001. |
||
| 300 |
_axxxiv, 830 p.: _c35 cm. |
||
| 653 | _aEconomics. | ||
| 653 | _aInternational economics. | ||
| 700 | _asalvatore, Dominick., | ||
| 942 | _cBK | ||
| 999 |
_c1045 _d1045 |
||